01000nam a2200205Ia 4500003000400000005001700004008004100021020001800062040002100080041000800101082002300109100004100132245005100173250002200224260004000246300002900286505018200315520026000497600003700757OSt20200928124213.0191128s2017 ck gr 000 0 spa d a9789585624382 aCO-JMCRcCO-JMCR0 aspa04a923.2 /bC355v2231 aCastro Córdoba, Juan Luis, eautor10aVivir en piedad / cJuan Luis Castro Córdoba aPrimera edición aBogotá : bE-ditorial 531, c2017 a237 páginas ; c21 cm.0 aDos películas -- Mafia política y un poco más… -- Curvas peligrosas -- La costumbre -- La huida -- Salto al abismo -- Regreso de la paranoia -- La hecatombe -- Desbocada3 aCompilación de historias cortas autobiográficas, donde se muestra la vida íntima de esta familia y la manera como la actividad en derechos humanos de Piedad Córdoba, tocó sus vidas de una manera que la gente del común no se alcanza a imaginar.14aCórdoba, Piedad, xbiografía